Creative curtainmaking made easy

Bibliographic Details
Main Author: Luke, Heather
Format: Book
Language:English
Published: New York : Watson-Guptill Publications , 2001
Subjects:

MARC

LEADER 00000cam a2200000 7i4500
001 0000009772
005 20230615.0
008 011108 nyu eng
020 |a 0823010414 (pbk) 
040 |a INS 
090 0 0 |a NK2115.5.   |b L9544 2001 
100 1 |a Luke, Heather 
245 1 0 |a Creative curtainmaking made easy   |c Heather Luke 
260 |a New York :   |b Watson-Guptill Publications ,   |c 2001 
300 |a 159 p. :   |b col. ill. ;   |c 29 cm. 
500 |a Includes index 
650 0 |a Draperies 
999 |a 0000008517   |b BOOK   |c Open Shelf   |e Default branch